000 00711nam a2200241Ia 4500
003 OSt
005 20220923214437.0
006 a|||||r|||| 00| 0
007 ta
008 220922b |||||||| |||| 00| 0 hin d
024 _a169,603
037 _cTextual
040 _aARTS
_cARTS
_bhin
041 _2hin
_ahin
082 _aO152:3M901:26, J9
100 _aवर्मा, वृन्दावनलाल
245 0 _aदेखा देखी
246 _aDekhā dekhī
260 _c1959
650 _aहिन्दी साहित्य
_9156264
942 _hO152:3M901:26, J9
_cTEXL
_2CC
999 _c324024
_d324024